Los pinceles de la historia : (Record no. 44588)
[ view plain ]
| 000 -CABECERA | |
|---|---|
| campo de control de longitud fija | 00857ngm a2200205 a 4500 |
| 005 - FECHA Y HORA DE LA ÚLTIMA TRANSACCIÓN | |
| campo de control | 20231114063541.0 |
| 008 - ELEMENTOS DE LONGITUD FIJA--INFORMACIÓN GENERAL | |
| campo de control de longitud fija | 991125s1999 mx 030 aaspa u |
| 035 ## - NÚMERO DE CONTROL DEL SISTEMA | |
| Número de control de sistema | UPN01000044588 |
| 049 ## - COLECCIÓN | |
| Colección | AV |
| 050 #4 - SIGNATURA TOPOGRÁFICA DE LA BIBLIOTECA DEL CONGRESO | |
| Número de clasificación | PVI N 0789 |
| 245 04 - MENCIÓN DE TÍTULO | |
| Título | Los pinceles de la historia : |
| Resto del título | el origen del reino de la Nueva España / |
| Mención de responsabilidad, etc. | dir. y fot. Michael Vetter. |
| 260 ## - PUBLICACIÓN, DISTRIBUCIÓN, ETC. | |
| Lugar de publicación, distribución, etc. | México : |
| Nombre del editor, distribuidor, etc. | Canal 22 : |
| -- | CNCA, |
| Fecha de publicación, distribución, etc. | 1999. |
| 300 ## - DESCRIPCIÓN FÍSICA | |
| Extensión | 1 videocasete (VHS) (30 min.) |
| 440 #0 - MENCIÓN DE SERIE/ASIENTO SECUNDARIO--TÍTULO | |
| Título | Artes visuales. |
| Nombre de parte o sección de la obra | Exposiciones |
| 520 ## - NOTA DE RESUMEN, ETC. | |
| Sumario, etc. | Crónica pictórica que incluye diversas piezas entre óleos, dibujos, acuarelas enconchadas, grabados, esculturas, estampas pertenecientes al período comprendido entre 1680-1750 |
| 650 #4 - ASIENTO SECUNDARIO DE MATERIA - TERMINO TEMATICO | |
| Término de materia o nombre geográfico como elemento de entrada | PINTURA - |
| Subdivisión general | HISTORIA |
| 9 (RLIN) | 14782 |
| 651 #4 - ASIENTO SECUNDARIO DE MATERIA - NOMBRE GEOGRAFICO | |
| Nombre geográfico | México |
| Subdivisión general | Historia |
| Subdivisión cronológica | Dominación española, 1517-1821 |
| 9 (RLIN) | 227 |
| 700 1# - ASIENTO SECUNDARIO--NOMBRE DE PERSONAL | |
| Nombre de persona | Vetter, Michael, |
| Término indicativo de función/relación | dir. |
| 905 ## - TIPO DE MATERIAL | |
| Tipo de material | Audiovisuales |
| Estado de retiro | Estado de pérdida | Fuente del sistema de clasificación o colocación | Estado dañado | No para préstamo | Código de colección | Localización permanente | Ubicación/localización actual | Ubicación en estantería | Total de préstamos | Clasificación | Código de barras | Fecha visto por última vez | Número de copia | Tipo de ítem Koha |
|---|---|---|---|---|---|---|---|---|---|---|---|---|---|---|
| Library of Congress Classification | Audiovisuales | Bib. Gregorio Torres Quintero | Bib. Gregorio Torres Quintero | Audiovisual | PVI N 0789 | 164842 | 31/12/2020 | 1 | Videocasete | |||||
| Library of Congress Classification | Audiovisuales | Bib. Gregorio Torres Quintero | Bib. Gregorio Torres Quintero | Audiovisual | PVI N 0789 | 230253 | 31/12/2020 | 1 | Libro |
